载入...
AYODHYAKANDAM
| 格式: | Printed Book |
|---|---|
| 出版: |
New Delhi
Kali for Women
|
| 主题: |
| LEADER | 00431nam a2200169 4500 | ||
|---|---|---|---|
| 020 | |||
| 082 | |a 294.592 2A AYO | ||
| 100 | |||
| 245 | |a AYODHYAKANDAM |h Malayalam | ||
| 250 | |||
| 260 | |a New Delhi |b Kali for Women | ||
| 300 | |f HB | ||
| 650 | |a AYODHYAKANDAM | ||
| 700 | |||
| 942 | |c TB | ||
| 999 | |c 152227 |d 152227 | ||
| 952 | |0 0 |1 0 |4 0 |6 294_592000000000000_2A_AYO |7 0 |9 165685 |a ORI |b ORI |l 0 |o 294.592 2A AYO |p ORI459/M |r 2019-10-25 |w 2019-10-25 |y TB | ||